000 00326nam a22001457a 4500
003 OSt
005 20170105103446.0
008 131202t xxu||||| |||| 00| 0 eng d
020 _a978-1-56363-678-3
040 _cASAB
100 _aDavid Heber
_9349
245 _aPDR for Herbal Medicines
250 _a4th Ed.
942 _2ddc
_cBK
999 _c16618
_d16618